[Event "TCh-GEO Club 2016"]
[Site "Lagodekhi GEO"]
[Date "2016.09.26"]
[Round "5.2"]
[Board "5"]
[White "Harutyunian, Tigran K."]
[Black "Bortnyk, Olexandr"]
[Result "1/2-1/2"]
[WhiteTitle "IM"]
[BlackTitle "GM"]
[WhiteElo "2480"]
[BlackElo "2588"]
[WhiteTeam "Adchara - Nona"]
[BlackTeam "Kvemo Kartli - Rustavi"]
[WhiteFideId "13303635"]
[BlackFideId "14120828"]
[EventDate "2016.09.22"]

1. Nf3 Nf6 2. g3 b6 3. Bg2 Bb7 4. O-O g6 5. c4 Bg7 6. d4 O-O 7. Qc2 c5 8. d5 b5
9. e4 d6 10. Nbd2 Nbd7 11. Rb1 bxc4 12. Nxc4 Nb6 13. b3 e6 14. Bf4 exd5 15. Nxd6
Ba6 16. Rfd1 Nh5 17. Qxc5 Nxf4 18. gxf4 Be2 19. e5 Bxd1 20. Rxd1 Qd7 21. f5 Nc8
22. Qxd5 Nxd6 23. f6 Bxf6 24. exf6 Rad8 25. Ne5 Qf5 26. Nc6 Qxf6 27. Nxd8 Rxd8
28. Qd4 Qe7 29. Qe3 Nf5 30. Rxd8+ Qxd8 31. Qxa7 Qd1+ 32. Bf1 Qg4+ 33. Bg2 Qd1+
34. Bf1 1/2-1/2

[Event "TCh-GEO Club 2016"]
[Site "Lagodekhi GEO"]
[Date "2016.09.26"]
[Round "5.2"]
[Board "6"]
[White "Shamatava, Ana"]
[Black "Saduakassova, Dinara"]
[Result "0-1"]
[BlackTitle "WGM"]
[WhiteElo "2066"]
[BlackElo "2423"]
[WhiteTeam "Kvemo Kartli - Rustavi"]
[BlackTeam "Adchara - Nona"]
[WhiteFideId "13601008"]
[BlackFideId "13700090"]
[EventDate "2016.09.22"]

1. Nf3 e6 2. g3 b5 3. Bg2 Bb7 4. O-O Nf6 5. d3 d6 6. e4 Nbd7 7. h3 Be7 8. Nh2 e5
9. f4 O-O 10. g4 exf4 11. Bxf4 Ne5 12. Nc3 b4 13. Ne2 Ng6 14. Bg3 d5 15. e5 Nd7
16. d4 c5 17. c3 Qb6 18. Nf3 Ba6 19. Re1 bxc3 20. Nxc3 Bb7 21. Na4 Qa5 22. h4
Rfc8 23. e6 fxe6 24. Rxe6 Bf6 25. g5 Bxd4+ 26. Nxd4 cxd4 27. b4 Qb5 28. Bf1 Rc4
29. Nb2 Ndf8 30. Rd6 d3 31. Qxd3 Rac8 32. Rc1 Ne5 33. Bxe5 Rg4+ 34. Kf2 Qe8 35.
Re1 Qh5 36. Bg3 Rxh4 37. Bg2 Rxb4 38. Bxd5+ Kh8 39. Re2 Bxd5 40. Qxd5 Rg4 41.
Qf3 Rxg5 42. Qxh5 Rxh5 43. Ra6 Rf5+ 44. Kg2 Rg5 45. Rf2 h5 46. Kh2 Ng6 47. Rxa7
Rc3 48. Bd6 Rc6 49. Be7 Rg4 50. a4 Rc3 51. Bf8 Ne5 52. Nd1 Nf3+ 53. Rxf3 Rxf3
54. Bc5 Rc4 55. Bb6 Rc2+ 56. Kg1 Rb3 57. a5 Rb1 58. Rd7 Rcc1 59. Kg2 Rxd1 60.
Rxd1 Rxd1 61. a6 Ra1 62. a7 Kh7 63. Kg3 g5 64. Kh3 Kg6 65. Kg3 Ra3+ 66. Kg2 Kf5
67. Kh2 Kg4 68. Kg2 Ra2+ 69. Kh1 Kf3 70. Bc5 g4 71. Bb6 Ra1+ 72. Kh2 g3+ 73. Kh3
Rh1# 0-1

[Event "TCh-GEO Club 2016"]
[Site "Lagodekhi GEO"]
[Date "2016.09.26"]
[Round "5.3"]
[Board "1"]
[White "Mchedlishvili, Mikheil"]
[Black "Tutisani, Noe"]
[Result "1-0"]
[WhiteTitle "GM"]
[WhiteElo "2609"]
[BlackElo "2375"]
[WhiteTeam "Kakheti"]
[BlackTeam "Imereti - Kutaisi"]
[WhiteFideId "13600966"]
[BlackFideId "13602853"]
[EventDate "2016.09.22"]

1. d4 Nf6 2. c4 e6 3. Nf3 d5 4. g3 dxc4 5. Bg2 b5 6. a4 c6 7. Ne5 Nd5 8. O-O Bb7
9. b3 cxb3 10. axb5 cxb5 11. Qxb3 a6 12. e4 Nf6 13. d5 exd5 14. exd5 Bxd5 15.
Qe3 Qe7 16. Bxd5 Nxd5 17. Qe4 Qe6 18. Rd1 Nc7 19. Nc3 Bc5 20. Qb7 Qxe5 21. Bf4
Bxf2+ 22. Kg2 Qe6 23. Rd6 Qf5 24. Qxc7 O-O 25. Kxf2 a5 26. Rxa5 Rxa5 27. Qxa5
Qh3 28. Kg1 Nd7 29. Nd5 Re8 30. Qxb5 Re1+ 31. Kf2 Re8 32. Ne3 1-0

[Event "TCh-GEO Club 2016"]
[Site "Lagodekhi GEO"]
[Date "2016.09.26"]
[Round "5.3"]
[Board "2"]
[White "Khapava, Nikoloz"]
[Black "Gagunashvili, Merab"]
[Result "0-1"]
[BlackTitle "GM"]
[WhiteElo "1622"]
[BlackElo "2586"]
[WhiteTeam "Imereti - Kutaisi"]
[BlackTeam "Kakheti"]
[WhiteFideId "13606956"]
[BlackFideId "13601652"]
[EventDate "2016.09.22"]

1. Nf3 d6 2. g3 e5 3. e4 g6 4. Bg2 Bg7 5. O-O Nf6 6. Nc3 O-O 7. d3 h6 8. h3 Nc6
9. Be3 Kh7 10. Nd2 Be6 11. Kh2 d5 12. exd5 Nxd5 13. Nde4 Nxe3 14. fxe3 Qe7 15.
Nd2 Rad8 16. e4 f5 17. Nf3 f4 18. g4 Rf7 19. Ne2 Qf6 20. Qe1 Bf8 21. Qh4 g5 22.
Qh5 Rg7 23. h4 Kg8 24. hxg5 hxg5 25. Kg1 Bc5+ 26. Rf2 Nb4 27. d4 exd4 28. e5 Qe7
29. c3 dxc3 30. bxc3 Nd3 31. Ned4 Nxf2 32. Kxf2 Bf7 33. Qh6 Rh7 34. Qxg5+ Qxg5
35. Nxg5 Rxd4 0-1

[Event "TCh-GEO Club 2016"]
[Site "Lagodekhi GEO"]
[Date "2016.09.26"]
[Round "5.3"]
[Board "3"]
[White "Javakhishvili, Lela"]
[Black "Khvadagiani, Nika"]
[Result "1-0"]
[WhiteTitle "IM"]
[WhiteElo "2486"]
[BlackElo "2029"]
[WhiteTeam "Kakheti"]
[BlackTeam "Imereti - Kutaisi"]
[WhiteFideId "13601458"]
[BlackFideId "13611453"]
[EventDate "2016.09.22"]

1. d4 Nf6 2. c4 e6 3. Nf3 b6 4. a3 Bb7 5. Nc3 Be7 6. d5 d6 7. e4 e5 8. Be2 O-O
9. O-O Nbd7 10. b4 a5 11. Rb1 Ne8 12. Be3 Bc8 13. Qd2 g6 14. Bh6 Ng7 15. Ng5 Nf6
16. h3 Nfh5 17. Nf3 f5 18. c5 axb4 19. cxd6 bxc3 20. dxe7 cxd2 21. exd8=Q Rxd8
22. Bg5 Re8 23. Nxd2 Nf4 24. Bb5 Ba6 25. Bxe8 Nxe8 26. Rfe1 Nd3 27. Red1 Nd6 28.
Be7 Nb5 29. Bb4 Nd4 30. f3 f4 31. Kh2 Rc8 32. Nb3 Ne2 33. Rd2 Ng3 34. Be7 Bc4
35. Rc2 b5 36. Na5 Re8 37. Bh4 Ra8 38. Nxc4 bxc4 39. Rxc4 Rxa3 40. Rxc7 Ra8 41.
d6 1-0

[Event "TCh-GEO Club 2016"]
[Site "Lagodekhi GEO"]
[Date "2016.09.26"]
[Round "5.3"]
[Board "4"]
[White "Arabidze, Meri"]
[Black "Khotenashvili, Bela"]
[Result "1/2-1/2"]
[WhiteTitle "IM"]
[BlackTitle "GM"]
[WhiteElo "2374"]
[BlackElo "2463"]
[WhiteTeam "Imereti - Kutaisi"]
[BlackTeam "Kakheti"]
[WhiteFideId "13604040"]
[BlackFideId "13602640"]
[EventDate "2016.09.22"]

1. d4 d6 2. Nf3 g6 3. c4 Bg7 4. Nc3 Bg4 5. e3 c5 6. d5 e6 7. dxe6 Bxe6 8. Nb5
Bf8 9. e4 a6 10. Nc3 Nc6 11. Bg5 Be7 12. Bf4 g5 13. Be3 g4 14. Nd2 Bg5 15. Bxg5
Qxg5 16. Nb3 Rd8 17. Qd2 Qxd2+ 18. Kxd2 Ne5 19. Nd5 Ne7 20. Kc3 h5 21. Be2 Bxd5
22. exd5 N7g6 23. Rhe1 Kd7 24. Nd2 f5 25. Rab1 a5 26. a3 Kc7 27. b4 axb4+ 28.
axb4 b6 29. Bd3 Nxd3 30. Kxd3 Nf4+ 31. Kc2 Nxg2 32. Re7+ Rd7 33. Rxd7+ Kxd7 34.
bxc5 bxc5 35. Rb7+ Kc8 36. Rf7 h4 37. Rxf5 g3 38. hxg3 h3 39. Nf1 h2 40. Nxh2
Rxh2 41. Rf6 Ne3+ 42. Kb3 Ng4 43. Rxd6 Nxf2 1/2-1/2

[Event "TCh-GEO Club 2016"]
[Site "Lagodekhi GEO"]
[Date "2016.09.26"]
[Round "5.3"]
[Board "5"]
[White "Beradze, Irakli"]
[Black "Kokaia, Guram"]
[Result "0-1"]
[WhiteElo "2437"]
[BlackElo "2101"]
[WhiteTeam "Kakheti"]
[BlackTeam "Imereti - Kutaisi"]
[WhiteFideId "13604597"]
[BlackFideId "13609599"]
[EventDate "2016.09.22"]

1. e4 c5 2. Nf3 e6 3. Nc3 Nc6 4. Bb5 Nge7 5. O-O a6 6. Bxc6 Nxc6 7. Re1 Be7 8.
d4 cxd4 9. Nxd4 O-O 10. Be3 Qc7 11. Qg4 Kh8 12. Rad1 d6 13. Qg3 Ne5 14. Nde2 b5
15. a3 Bb7 16. Bd4 Rg8 17. Nf4 Nc4 18. Rd3 Nxb2 19. Rf3 Qd8 20. Qh3 e5 21. Bb6
Qc8 22. Qh5 g6 23. Qh6 Bf8 24. Qg5 exf4 25. Rh3 Bg7 26. Qh4 h5 27. Qxf4 Qe6 28.
Ne2 Qxe4 29. Qg5 Qd5 30. Qg3 Qd2 31. Kf1 Rae8 32. Be3 Qxc2 33. Nf4 Qf5 34. Qh4
Bf6 35. Qg3 Nc4 36. Bc1 Rxe1+ 37. Kxe1 Re8+ 0-1

[Event "TCh-GEO Club 2016"]
[Site "Lagodekhi GEO"]
[Date "2016.09.26"]
[Round "5.3"]
[Board "6"]
[White "Jalaghonia, Nino"]
[Black "Buksa, Nataliya"]
[Result "0-1"]
[WhiteTitle "WFM"]
[BlackTitle "WGM"]
[WhiteElo "1902"]
[BlackElo "2249"]
[WhiteTeam "Imereti - Kutaisi"]
[BlackTeam "Kakheti"]
[WhiteFideId "13605895"]
[BlackFideId "14123622"]
[EventDate "2016.09.22"]

1. d4 d5 2. Nc3 c5 3. Bf4 e6 4. e3 a6 5. a4 Nf6 6. Nge2 Nc6 7. f3 Nh5 8. Qd2
Nxf4 9. exf4 Bd7 10. g3 Qb6 11. O-O-O cxd4 12. Nxd4 Bc5 13. Nce2 Nxd4 14. Nxd4
Bxa4 15. Kb1 Rc8 16. Nb3 Bxb3 17. cxb3 Qxb3 18. Bd3 O-O 19. f5 Bd4 20. fxe6 fxe6
21. Bxh7+ Kxh7 22. Qxd4 Rxf3 23. Qg4 Rf6 24. Rd2 Kg8 25. Re1 Rc4 26. Qh5 Ra4 27.
Qe8+ Kh7 28. Qh5+ Rh6 29. Qe2 Qa2+ 30. Kc1 Re4 0-1

[Event "TCh-GEO Club 2016"]
[Site "Lagodekhi GEO"]
[Date "2016.09.26"]
[Round "5.4"]
[Board "2"]
[White "Quparadze, Giga"]
[Black "Khakhutashvili, Alexandre"]
[Result "1-0"]
[WhiteTitle "IM"]
[WhiteElo "2482"]
[BlackElo "1796"]
[WhiteTeam "Samegrelo-Zemo Svaneti - Samegrelo"]
[BlackTeam "Shida kartli - Gori"]
[WhiteFideId "13602250"]
[BlackFideId "13605313"]
[EventDate "2016.09.22"]

1. e4 c5 2. Nf3 Nc6 3. Bb5 d6 4. O-O Bd7 5. Re1 g6 6. c3 Bg7 7. d4 cxd4 8. cxd4
Qb6 9. Bxc6 bxc6 10. e5 d5 11. Nc3 Bf5 12. b3 h5 13. Na4 Qc7 14. Bf4 e6 15. Qd2
Ne7 16. h3 Nc8 17. Rac1 Nb6 18. Nc5 Nd7 19. Nxd7 Qxd7 20. Bg5 Rc8 21. Nh4 Bf8
22. Bf6 Bh6 23. Qe2 Rg8 24. Rc3 Qb7 25. Nxf5 gxf5 26. Rd3 Rg6 27. Qxh5 f4 28.
Qf3 Kd7 29. Kh1 Rcg8 30. Rg1 Qa6 31. a4 Bf8 32. Rdd1 c5 33. dxc5 Kc6 34. Qxf4
Qb7 35. b4 Bh6 36. b5+ Kc7 37. Qf3 1-0

[Event "TCh-GEO Club 2016"]
[Site "Lagodekhi GEO"]
[Date "2016.09.26"]
[Round "5.4"]
[Board "3"]
[White "Licheli, Luka"]
[Black "Morchiashvili, Bachana"]
[Result "1/2-1/2"]
[BlackTitle "IM"]
[WhiteElo "2042"]
[BlackElo "2371"]
[WhiteTeam "Shida kartli - Gori"]
[BlackTeam "Samegrelo-Zemo Svaneti - Samegrelo"]
[WhiteFideId "13602500"]
[BlackFideId "13602535"]
[EventDate "2016.09.22"]

1. e4 c5 2. Nc3 e6 3. g3 Nc6 4. Bg2 Nf6 5. Nge2 Be7 6. O-O O-O 7. h3 a6 8. d3 d5
9. exd5 exd5 10. Nf4 d4 11. Ncd5 Nxd5 12. Nxd5 Bd6 13. a3 Be6 14. Qh5 Ne7 15.
Nxe7+ Qxe7 16. Bd2 Qd7 17. Rfe1 Rfe8 18. Re2 g6 19. Qh4 Bf5 20. Rae1 Rxe2 21.
Rxe2 Bf8 22. g4 Be6 23. Qg3 Rc8 24. Qf3 b5 25. Qb7 c4 26. Bf4 a5 27. Rxe6 Qxe6
28. Bd5 Qe8 29. dxc4 bxc4 30. Bg5 Rc5 31. Bf6 Rb5 32. Bxf7+ Qxf7 33. Qxb5 Qxf6
34. Qxc4+ Kh8 35. Qb5 Qd8 36. Qe5+ Bg7 37. Qb5 h6 38. b4 axb4 39. axb4 Qg5 40.
Qc6 h5 41. Qe4 Kh7 42. Qe2 Be5 43. b5 Qf4 44. Kf1 Qh2 45. Qf3 hxg4 46. hxg4 Qf4
47. Qxf4 Bxf4 48. Ke2 Bc7 49. Kd3 Bb6 50. f4 Kg7 51. Ke4 Kf6 52. Kd5 Bc7 53. f5
gxf5 54. gxf5 1/2-1/2

[Event "TCh-GEO Club 2016"]
[Site "Lagodekhi GEO"]
[Date "2016.09.26"]
[Round "5.4"]
[Board "4"]
[White "Lomineishvili, Maia"]
[Black "Kasoshvili, Tsiala"]
[Result "1-0"]
[WhiteTitle "IM"]
[BlackTitle "WIM"]
[WhiteElo "2321"]
[BlackElo "2106"]
[WhiteTeam "Samegrelo-Zemo Svaneti - Samegrelo"]
[BlackTeam "Shida kartli - Gori"]
[WhiteFideId "13600656"]
[BlackFideId "13600354"]
[EventDate "2016.09.22"]

1. d4 d5 2. c4 e6 3. Nf3 c6 4. Qc2 f5 5. Bf4 Nf6 6. e3 Be7 7. Nc3 O-O 8. Bd3 Ne4
9. g4 Bd6 10. gxf5 Nxc3 11. Bxd6 Qxd6 12. Qxc3 exf5 13. Ne5 Be6 14. Rg1 Nd7 15.
O-O-O Qe7 16. f4 Rac8 17. Rg5 Nxe5 18. dxe5 b5 19. c5 a5 20. Rdg1 Rf7 21. Qc2
Qd7 22. Kb1 a4 23. Rh5 Rcf8 24. Qg2 g6 25. Rh6 Rd8 26. h4 Rg7 27. h5 Bf7 28. Qg5
Rf8 29. Qh4 Be8 30. Rg5 gxh5 31. Rf6 Bg6 32. Rd6 Qe7 33. Qg3 Qe8 34. Be2 Rff7
35. Qh4 Qe7 36. Bxh5 Bxh5 37. Rxg7+ Rxg7 38. Qxh5 Rg1+ 39. Kc2 Rg2+ 40. Kd3 Rxb2
41. Qxf5 Qe8 42. Qg5+ 1-0

[Event "TCh-GEO Club 2016"]
[Site "Lagodekhi GEO"]
[Date "2016.09.26"]
[Round "5.4"]
[Board "5"]
[White "Karelidze, Vakhtang"]
[Black "Ghvamberia, Nika"]
[Result "0-1"]
[WhiteElo "1942"]
[BlackElo "2297"]
[WhiteTeam "Shida kartli - Gori"]
[BlackTeam "Samegrelo-Zemo Svaneti - Samegrelo"]
[WhiteFideId "13613219"]
[BlackFideId "13602128"]
[EventDate "2016.09.22"]

1. e4 c5 2. Nf3 d6 3. Bb5+ Bd7 4. Bxd7+ Qxd7 5. d4 cxd4 6. Nxd4 Nf6 7. Nc3 Nc6
8. O-O g6 9. f3 Bg7 10. Be3 O-O 11. Nxc6 bxc6 12. Qd2 Rfd8 13. Rfd1 Qb7 14. Rab1
Nd7 15. b3 Ne5 16. Na4 Qc8 17. c4 f5 18. Bg5 fxe4 19. fxe4 Qg4 20. Kh1 Rd7 21.
Bf4 Rf8 22. Bxe5 Bxe5 23. Nc5 dxc5 24. Qxd7 Rf1+ 25. Rxf1 Qxd7 26. Rbd1 Bd4 27.
b4 cxb4 28. c5 e5 29. Rf6 Kg7 30. Rd6 Qg4 31. Re1 Bxc5 32. Rxc6 Bd4 33. h3 Qg3
34. Rc7+ Kh6 35. Re2 a5 36. Rf7 Qd3 37. Re1 a4 38. Rf3 Qd2 0-1

[Event "TCh-GEO Club 2016"]
[Site "Lagodekhi GEO"]
[Date "2016.09.26"]
[Round "5.4"]
[Board "6"]
[White "Gaboyan, Susanna"]
[Black "Koridze, Lile"]
[Result "1-0"]
[WhiteElo "2126"]
[BlackElo "1991"]
[WhiteTeam "Samegrelo-Zemo Svaneti - Samegrelo"]
[BlackTeam "Shida kartli - Gori"]
[WhiteFideId "13303627"]
[BlackFideId "13612514"]
[EventDate "2016.09.22"]

1. e4 c5 2. Nf3 d6 3. Bb5+ Nc6 4. O-O Nf6 5. Re1 e5 6. c3 a6 7. Bxc6+ bxc6 8. d4
cxd4 9. cxd4 Qc7 10. dxe5 dxe5 11. Bg5 Be7 12. Nbd2 Be6 13. Qc2 O-O 14. Nc4 Bxc4
15. Qxc4 Rab8 16. b3 a5 17. Rac1 Rfc8 18. Re2 Rb4 19. Qa6 h6 20. Bd2 Rxe4 21.
Bxa5 Qd7 22. Nxe5 Qe6 23. Rxe4 Nxe4 24. Nxc6 Kh8 25. Qc4 Qf5 26. Bb6 Nd2 27. Qc2
Qg5 28. Be3 Nf3+ 29. Kh1 Qh5 30. h3 Ba3 31. Rd1 Ne5 32. Rd8+ Rxd8 33. Nxd8 Qh4
34. Qc8 Kh7 35. Qf5+ Kg8 36. Qxe5 Qxd8 37. Bc5 Bc1 38. Qd4 Qe8 39. a4 Bg5 40.
Qd1 Qc6 41. b4 Bf6 42. a5 Qb5 43. Kg1 Be5 44. g3 Bc7 45. Qf1 Qa4 46. a6 Bb8 47.
Qd3 Bc7 48. a7 Qc6 49. Qf1 1-0

[Event "TCh-GEO Club 2016"]
[Site "Lagodekhi GEO"]
[Date "2016.09.27"]
[Round "6.1"]
[Board "1"]
[White "Pantsulaia, Levan"]
[Black "Baghdasaryan, Vahe"]
[Result "0-1"]
[WhiteTitle "GM"]
[BlackTitle "IM"]
[WhiteElo "2601"]
[BlackElo "2492"]
[WhiteTeam "Tbilisi"]
[BlackTeam "Samegrelo-Zemo Svaneti - Samegrelo"]
[WhiteFideId "13602071"]
[BlackFideId "13303139"]
[EventDate "2016.09.22"]

1. Nf3 d5 2. g3 Nc6 3. d4 Bg4 4. Nbd2 f6 5. h3 Bf5 6. c3 e5 7. dxe5 fxe5 8. e4
dxe4 9. Nh4 Be6 10. Qh5+ g6 11. Qe2 Nf6 12. Nb3 Qd7 13. Bg5 Qf7 14. O-O-O Be7
15. Qb5 O-O 16. Qxb7 Nd5 17. Bxe7 Ndxe7 18. Rd2 Rad8 19. Rc2 g5 20. Ng2 Qf3 21.
Rd2 e3 22. Re2 Qd5 23. Nxe3 Qxh1 24. Nc5 Bc4 25. Re1 Bxf1 26. Qb3+ Kh8 27. Ne6
Bc4 28. Rxh1 Bxb3 29. axb3 Rxf2 30. Nxd8 Nxd8 31. Rd1 Ndc6 32. b4 Rf3 33. Nc4 a6
34. g4 Rxh3 35. Rd7 Rg3 36. Rxc7 Rxg4 37. Na5 Nxa5 38. bxa5 Nf5 39. b4 h5 40. c4
h4 41. b5 h3 0-1

[Event "TCh-GEO Club 2016"]
[Site "Lagodekhi GEO"]
[Date "2016.09.27"]
[Round "6.1"]
[Board "2"]
[White "Quparadze, Giga"]
[Black "Janjghava, Lasha"]
[Result "1/2-1/2"]
[WhiteTitle "IM"]
[BlackTitle "GM"]
[WhiteElo "2482"]
[BlackElo "2469"]
[WhiteTeam "Samegrelo-Zemo Svaneti - Samegrelo"]
[BlackTeam "Tbilisi"]
[WhiteFideId "13602250"]
[BlackFideId "13600087"]
[EventDate "2016.09.22"]

1. e4 c5 2. Nf3 d6 3. Bc4 Nf6 4. d3 e6 5. c3 d5 6. exd5 exd5 7. Bb5+ Bd7 8.
Bxd7+ Nbxd7 9. O-O Be7 10. d4 O-O 11. dxc5 Nxc5 12. Nbd2 a5 13. a4 Qb6 14. Nd4
Nd3 15. N2b3 Nxc1 16. Rxc1 Rfc8 17. Re1 Bf8 18. Re2 g6 19. Nb5 Rc4 20. Nd2 Rcc8
21. Nf3 Rc4 22. Ra1 Re4 23. Nd2 Rxe2 24. Qxe2 Re8 25. Qf3 Re5 26. Rf1 Ne4 27.
Nb3 Nd6 28. Nxd6 Bxd6 29. Qd1 Re4 30. Qxd5 Rxa4 31. g3 Bf8 32. Nd2 Qxb2 33. Ne4
Qe2 34. Nf6+ Kg7 35. Nd7 Re4 36. Qxa5 Be7 37. Qd5 b5 38. Rb1 b4 39. cxb4 Bxb4
40. Qc6 Re6 41. Qa8 Be7 42. Qa1+ Bf6 43. Qa3 Re7 44. Qa4 Qe4 45. Qxe4 1/2-1/2

[Event "TCh-GEO Club 2016"]
[Site "Lagodekhi GEO"]
[Date "2016.09.27"]
[Round "6.1"]
[Board "3"]
[White "Sturua, Zurab"]
[Black "Morchiashvili, Bachana"]
[Result "1-0"]
[WhiteTitle "GM"]
[BlackTitle "IM"]
[WhiteElo "2546"]
[BlackElo "2371"]
[WhiteTeam "Tbilisi"]
[BlackTeam "Samegrelo-Zemo Svaneti - Samegrelo"]
[WhiteFideId "13600095"]
[BlackFideId "13602535"]
[EventDate "2016.09.22"]

1. Nf3 Nf6 2. g3 g6 3. Bg2 Bg7 4. O-O O-O 5. d4 d6 6. a4 a5 7. Re1 Nbd7 8. e4 e5
9. Nc3 c6 10. h3 Re8 11. Be3 b6 12. d5 cxd5 13. exd5 Bb7 14. Nd2 Rc8 15. Nb5 Nc5
16. Nc4 Bf8 17. Bg5 Rb8 18. Qf3 e4 19. Qxf6 Be7 20. Qxd6 Bxg5 21. Nxb6 Be7 22.
Qxd8 Bxd8 23. Nc4 Bxd5 24. Ncd6 Re6 25. Rad1 Bc6 26. b3 Be7 27. Bf1 Nd3 28. cxd3
Bxd6 29. Nd4 1-0

[Event "TCh-GEO Club 2016"]
[Site "Lagodekhi GEO"]
[Date "2016.09.27"]
[Round "6.1"]
[Board "4"]
[White "Lomineishvili, Maia"]
[Black "Gvetadze, Sofio"]
[Result "1/2-1/2"]
[WhiteTitle "IM"]
[BlackTitle "IM"]
[WhiteElo "2321"]
[BlackElo "2276"]
[WhiteTeam "Samegrelo-Zemo Svaneti - Samegrelo"]
[BlackTeam "Tbilisi"]
[WhiteFideId "13600656"]
[BlackFideId "13601440"]
[EventDate "2016.09.22"]

1. d4 d5 2. c4 e6 3. Nc3 Nf6 4. Nf3 Bb4 5. Bg5 h6 6. Bxf6 Qxf6 7. e3 O-O 8. Rc1
dxc4 9. Bxc4 c5 10. O-O cxd4 11. Ne4 Qe7 12. Nxd4 Bd7 13. Bd3 Nc6 14. Nb3 Na5
15. Nd4 Nc6 16. Nb3 Na5 17. Rc7 Rfd8 18. a3 Nxb3 19. Qxb3 Ba5 20. Rxb7 Ba4 21.
Rxe7 Bxb3 22. Nc5 Bb6 23. Nxb3 Rxd3 24. Nd4 Bxd4 25. exd4 Rxd4 26. Rc1 a5 27. g3
Rd5 28. Rcc7 Rf5 29. Kg2 Rd8 30. Red7 Rxd7 31. Rxd7 Rb5 32. Rd8+ Kh7 33. Ra8 h5 1/2-1/2

[Event "TCh-GEO Club 2016"]
[Site "Lagodekhi GEO"]
[Date "2016.09.27"]
[Round "6.1"]
[Board "5"]
[White "Sibashvili, Giorgi"]
[Black "Ghvamberia, Nika"]
[Result "1/2-1/2"]
[WhiteTitle "IM"]
[WhiteElo "2347"]
[BlackElo "2297"]
[WhiteTeam "Tbilisi"]
[BlackTeam "Samegrelo-Zemo Svaneti - Samegrelo"]
[WhiteFideId "13602799"]
[BlackFideId "13602128"]
[EventDate "2016.09.22"]

1. d4 Nf6 2. c4 e6 3. Nc3 Bb4 4. e3 c5 5. Bd3 O-O 6. Nf3 d5 7. dxc5 Nbd7 8. O-O
Nxc5 9. cxd5 Bxc3 10. bxc3 Qxd5 11. Be2 b6 12. Ba3 Bb7 13. Qd4 Rac8 14. Rfd1 Qe4
15. Rac1 h6 16. c4 Rfe8 17. Qxe4 Nfxe4 18. Nd4 Red8 19. f3 Nd6 20. e4 Ba6 21.
Nb5 Bxb5 22. cxb5 Ndb7 23. Kf2 Kf8 24. e5 Ke8 25. Rxd8+ Rxd8 26. Ke3 Rd5 27. f4
f6 28. Bc4 Rd7 29. exf6 gxf6 30. g4 Rg7 1/2-1/2

[Event "TCh-GEO Club 2016"]
[Site "Lagodekhi GEO"]
[Date "2016.09.27"]
[Round "6.1"]
[Board "6"]
[White "Gaboyan, Susanna"]
[Black "Choladze, Mariami"]
[Result "0-1"]
[BlackTitle "WFM"]
[WhiteElo "2126"]
[BlackElo "2032"]
[WhiteTeam "Samegrelo-Zemo Svaneti - Samegrelo"]
[BlackTeam "Tbilisi"]
[WhiteFideId "13303627"]
[BlackFideId "13600931"]
[EventDate "2016.09.22"]

1. Nf3 Nf6 2. d4 e6 3. e3 b6 4. Bd3 Bb7 5. O-O d5 6. b3 Bd6 7. Bb2 O-O 8. Nbd2
c5 9. Ne5 Nc6 10. a3 Ne7 11. Qf3 Qc7 12. Qh3 Ng6 13. f4 Ne4 14. Ndf3 Bxe5 15.
fxe5 Qe7 16. Qg4 Rac8 17. c4 cxd4 18. exd4 h5 19. Qxh5 Nf4 20. Qg4 Nxd3 21. Bc1
Nxc1 22. Raxc1 dxc4 23. bxc4 Qxa3 24. Rce1 Qd3 25. d5 Rxc4 26. dxe6 Nd2 27.
exf7+ Rxf7 28. Qe6 Nxf3+ 29. Rxf3 Bxf3 30. Qe8+ Rf8 31. Qe6+ Kh8 32. gxf3 Qxf3
33. Qxc4 Qf2+ 34. Kh1 Qxe1+ 35. Kg2 Rf2+ 0-1

[Event "TCh-GEO Club 2016"]
[Site "Lagodekhi GEO"]
[Date "2016.09.27"]
[Round "6.2"]
[Board "2"]
[White "Khakhutashvili, Alexandre"]
[Black "Khapava, Nikoloz"]
[Result "1-0"]
[WhiteElo "1796"]
[BlackElo "1622"]
[WhiteTeam "Shida kartli - Gori"]
[BlackTeam "Imereti - Kutaisi"]
[WhiteFideId "13605313"]
[BlackFideId "13606956"]
[EventDate "2016.09.22"]

1. g3 c5 2. c4 Nc6 3. Bg2 Nf6 4. Nc3 e6 5. e4 Be7 6. Nge2 O-O 7. O-O d6 8. d3
Bd7 9. h3 Ne8 10. f4 f5 11. Be3 e5 12. Nd5 Nf6 13. exf5 Bxf5 14. fxe5 Nxd5 15.
Bxd5+ Kh8 16. g4 Bg6 17. Rxf8+ Qxf8 18. e6 Bf6 19. Qd2 Qe7 20. Rf1 h6 21. Bxh6
Nd8 22. Nf4 Bh7 23. Nh5 Bd4+ 24. Kg2 Nxe6 25. Re1 Be5 26. Bxe6 gxh6 27. Qxh6 Rf8
28. g5 Bg7 29. Nxg7 Qxg7 30. Qxg7+ Kxg7 31. Re3 Re8 32. Kf2 Rf8+ 33. Ke2 Kg6 34.
h4 Kh5 35. Kd2 Rf2+ 36. Kc3 Bg6 37. Rh3 b6 38. Bd5 Kg4 39. Be6+ Kh5 40. Bd5 Kg4
41. Rh1 a6 42. Be4 Bxe4 43. dxe4 Kh5 44. Rg1 Rf7 45. Kd3 Kxh4 46. g6 Rg7 47. e5
dxe5 48. Ke4 Kh3 49. Kxe5 1-0

[Event "TCh-GEO Club 2016"]
[Site "Lagodekhi GEO"]
[Date "2016.09.27"]
[Round "6.2"]
[Board "3"]
[White "Khvadagiani, Nika"]
[Black "Licheli, Luka"]
[Result "1-0"]
[WhiteElo "2029"]
[BlackElo "2042"]
[WhiteTeam "Imereti - Kutaisi"]
[BlackTeam "Shida kartli - Gori"]
[WhiteFideId "13611453"]
[BlackFideId "13602500"]
[EventDate "2016.09.22"]

1. e4 c6 2. d4 g6 3. f3 d5 4. Nc3 Bg7 5. Be3 dxe4 6. fxe4 Nf6 7. Be2 O-O 8. Qd2
Qc7 9. e5 Nd5 10. Nxd5 cxd5 11. g4 f6 12. O-O-O fxe5 13. dxe5 e6 14. Nf3 Nd7 15.
h4 Nxe5 16. Nxe5 Qxe5 17. c3 Bd7 18. h5 Be8 19. Bd3 Rc8 20. Kb1 Rf3 21. Rde1 g5
22. Bc2 Rxe3 23. Rxe3 Qf6 24. Qd3 Qh6 25. Rf1 Rc6 26. Ba4 Rc8 27. Bxe8 Rxe8 28.
Qb5 Rb8 29. Qd7 e5 30. Qxd5+ Kh8 31. Rxe5 Qb6 32. Rfe1 Rf8 33. Re8 Qf2 34. Rxf8+
Qxf8 35. Qd7 Qf3 36. Qd8+ Bf8 37. Qxg5 b5 38. Qf5 Qa8 39. Qxb5 a5 40. h6 a4 41.
Qe5+ Kg8 42. Qe6+ Kh8 43. Rf1 1-0